Responses for show #7668 - Wednesday, January 3, 2018

Contestants

Michael Shockley, a pro sports executive from Seattle, Washington

Steph Bundy, a summer camp director from Oak Park, California

Saralee Etter, a writer from Pataskala, Ohio (whose 1-day cash winnings total $8,000)

Jeopardy! Round responses

DIETS
THE ZONE
THE MEDITERRANEAN
DASH
PALEOLITHIC
WAIT WATCHERS
    $200 2
The Biggest Loser

Steph
    $200 1
area

Triple Stumper
    $200 13
Monaco

Saralee
    $200 7
Amazon

Steph
    $200 16
Stone Age

Saralee
    $200 3
The Force Awakens

Steph
    $400 19
gluten

Michael
    $400 23
regions

Steph
    $400 14
(Saralee: What is Tunisia?)

Libya

Saralee
Triple Stumper
    $400 9
a butter churner (or butter churn)

Steph
    $400 17
Venus

Saralee
    $400 4
Fifty Shades of Grey

Steph
    $600 20
(Saralee: What are veggies before 6?)

vegan

Saralee
Triple Stumper
    $600 24
territories

Michael
    $600 15
the Adriatic

Saralee
    $600 10
soccer

Michael
    $600 18
(Saralee: What is a boat?)
(Alex: Be--)
(Saralee: Or ship or canoe?)

a raft

SaraleeSteph
    $600 5
(Steph: What is Harry Potter and the Deathly Hallows?)
(Alex: Need more.)
(Steph: What is [*]?)

Harry Potter and the Deathly Hallows Part 2

Steph
    $800 21
(Michael: What is the Miami Beach Diet?)
...
(Alex: With less than a minute to go.)

the South Beach Diet

StephMichael
    $800 25
the realm

Saralee
    $800 11
(Saralee: What is India?)

Russia

SaraleeMichael
    $800 6
Twilight

Saralee
    $1000 22
the new Atkins

Steph
    $1000 26
[The end-of-round signal sounds.]

a sector

Steph
    $1000 12
(Steph: What is a horse?)

a dish (or a plate)

StephMichael
    $1000 8
Passion of the Christ

Steph

Scores at the first commercial break (after clue 15):

Saralee Steph Michael
$400 $2,000 $2,400

Scores at the end of the Jeopardy! Round:

Saralee Steph Michael
$600 $5,800 $2,600

Double Jeopardy! Round responses

NOVELS WITHIN NOVELS
2-DIGIT NUMBERS
STATE OF THE COLLEGE
CHIEF JUSTICES
THE BUSINESS OF CELEBRITY
"SALT"
    $400 18
Garp

Steph
    $400 10
88

Saralee
    $400 2
New Hampshire

Michael
    $400 1
John Roberts

Michael
    $400 16
tequila

Michael
    $400 6
add salt to the wound

Steph
    $2,500 19
Agatha Christie

Steph
    $800 11
40

Steph
    $800 3
South Carolina

Michael
    $700 27
Dred Scott

Steph
    $800 17
Ellen DeGeneres

Steph
    $800 7
a salt lick

Michael
    $1200 20
Hazel Grace Lancaster

Steph
    $1200 13
23

Michael
    $1200 4
West Virginia

Saralee
    $1200 28
[The end-of-round signal sounds.]

Taft

Steph
    $1200 23
Jay-Z

Steph
    $1200 9
(Michael: What are fireworks?)

saltpeter

Michael
Triple Stumper
    $1600 21
Margaret Atwood

Steph
    $1600 14
(Michael: What is 29?)
(Steph: What is 28?)
(Saralee: What is 26?)
(Alex: No. Oh, why did you skip [*]?)

27

SaraleeStephMichael
Triple Stumper
    $1600 5
Oregon

Steph
    $1600 24
Beats

Steph
    $1600 12
the Salton Sea

Michael
    $2000 22
Wonder Boys

Triple Stumper
    $2000 15
(Steph: What are 3?)

15

Steph
Triple Stumper
    $2000 8
Kentucky

Michael
    $2000 25
(Alex: Less than a minute now.)

Portugal

Michael
    $2000 26
saltimbocca

Steph

Scores at the end of the Double Jeopardy! Round:

Saralee Steph Michael
$600 $18,200 $9,400

[wagering suggestions for these scores]

Final Jeopardy! Round responses

OPERA
(Alex: Repeats his name a lot.)
SaraleeWho is Figaro
$0
MichaelWho is Gepetto?
$9,400
StephWho is Figaro?
$601
Figaro

Final scores:

Saralee Steph Michael
$600 $18,801 $0
2nd place: $2,000 New champion: $18,801 3rd place: $1,000

Game dynamics:

Coryat scores:

Saralee Steph Michael
$600 $16,600 $9,400
8 R,
5 W
25 R
(including 2 DDs),
3 W
14 R,
3 W

Combined Coryat: $26,600

The J! Archive is created by fans, for fans. The Jeopardy! game show and all elements thereof, including but not limited to copyright and trademark thereto, are the property of Jeopardy Productions, Inc. and are protected under law. This website is not affiliated with, sponsored by, or operated by Jeopardy Productions, Inc. Join the discussion at JBoard.tv.